000 00286nam a22001337a 4500
008 180125b xxu||||| |||| 00| 0 eng d
020 _a9780547051727
041 _aeng
080 _a32
100 _a19
101 _aPOL
245 _aAmerican government
_cGitelson
942 _2udc
_cBK
999 _c40940
_d40940